Haikou Meilan International Airport Destinations (Haikou, China) - Statistics

General Stats
  • This quiz has been taken 30 times
    11 since last reset
  • The average score is 62 of 143
Answer Stats
Airline Destination % Correct
9 Air/China Southern Airlines/Hainan Airlines Guangzhou
100%
Vietnam Airlines Hanoi
100%
Hainan Airlines/Vietnam Airlines Ho Chi Minh City
100%
Cathay Pacific/Hainan Airlines/Hong Kong Airlines Hong Kong
100%
China Southern Airlines/Hainan Airlines/Kunming Airlines/Lucky Air/Tianjin Airlines Kunming
100%
Hainan Airlines/Juneyao Airlines/Shanghai Airlines Shanghai (Hongqiao)
100%
9 Air/Air China/China Eastern Airlines/China Southern Airlines/Hainan Airlines/Juneyao Airlines/Shanghai Airlines Shanghai (Pudong)
100%
China Southern Airlines/Donghai Airlines/Hainan Airlines/Okay Airways/Shenzhen Airlines Shenzhen
100%
Air China/Beijing Capital Airlines/China Eastern Airlines/China Southern Airlines/Hainan Airlines/Tianjin Airlines Wuhan
100%
9 Air/Hainan Airlines/Thai VietJet Air Bangkok (Suvarnabhumi)
83%
Air China/Hainan Airlines Beijing (Capital)
83%
Air China/Beijing Capital Airlines/China Eastern Airlines/China Southern Airlines/China United Airlines/XiamenAir Beijing (Daxing)
83%
Air China/China Southern Airlines/Sichuan Airlines Chengdu (Shuangliu)
83%
9 Air/Air China/Beijing Capital Airlines/Chengdu Airlines/China Eastern Airlines/China Southern Airlines/GX Airlines/Hainan Airlines/Lucky Air/Shenzhen Airlines Chengdu (Tianfu)
83%
Air China/Beijing Capital Airlines/China Express Airlines/China Southern Airlines/Chongqing Airlines/Hainan Airlines/Okay Airways/Sichuan Airlines/Tianjin Airlines/West Air Chongqing
83%
Air China/China Southern Airlines/Dalian Airlines/Hainan Airlines/West Air Dalian
83%
Fuzhou Airlines/Hainan Airlines/Shandong Airlines/XiamenAir Fuzhou
83%
Air Guilin/Beijing Capital Airlines/Hainan Airlines/Shandong Airlines Guilin
83%
Hainan Airlines Macau
83%
Air Guilin/Beijing Capital Airlines/China Southern Airlines/Hainan Airlines/Okay Airways/Qingdao Airlines/Sichuan Airlines/Tianjin Airlines Nanning
83%
Beijing Capital Airlines/Hainan Airlines/Qingdao Airlines/Shandong Airlines Qingdao
83%
Hainan Airlines Seoul (Incheon)
83%
China Express Airlines/China Southern Airlines/Hainan Airlines/Okay Airways/Sichuan Airlines/Tianjin Airlines/XiamenAir Tianjin
83%
Hainan Airlines Tokyo (Narita)
83%
China Southern Airlines/Fuzhou Airlines/Hainan Airlines/Tianjin Airlines/XiamenAir Xiamen
83%
Air Chang'an/Beijing Capital Airlines/China Eastern Airlines/GX Airlines/Hainan Airlines/Sichuan Airlines/Tianjin Airlines Xi'an
83%
9 Air/Air China/Air Guilin/Beijing Capital Airlines/China Southern Airlines/Hainan Airlines/Shandong Airlines/Shenzhen Airlines/Suparna Airlines/Tianjin Airlines/West Air Zhengzhou
83%
Air Busan Busan
67%
9 Air/Beijing Capital Airlines/China Southern Airlines/Hainan Airlines/Loong Air/Qingdao Airlines Changchun
67%
9 Air/Beijing Capital Airlines/China Southern Airlines/Donghai Airlines/Hainan Airlines/Shandong Airlines/Tianjin Airlines/XiamenAir Changsha
67%
Lucky Air Ganzhou
67%
9 Air/Air Guilin/China Southern Airlines/Colorful Guizhou Airlines/Hainan Airlines/Tianjin Airlines Guiyang
67%
Air China/Beijing Capital Airlines/Chengdu Airlines/China Southern Airlines/Donghai Airlines/Hainan Airlines/Loong Air/Lucky Air/Tianjin Airlines/XiamenAir Hangzhou
67%
Beijing Capital Airlines/GX Airlines/Hainan Airlines/Shandong Airlines/Tianjin Airlines Jinan
67%
Batik Air Malaysia/Firefly/Hainan Airlines Kuala Lumpur (International)
67%
9 Air/Air Guilin/China Eastern Airlines/China Southern Airlines/GX Airlines/Hainan Airlines/Qingdao Airlines Lanzhou
67%
China Express Airlines/Hainan Airlines Liuzhou
67%
Beijing Capital Airlines/China Eastern Airlines/Donghai Airlines/Hainan Airlines/Jiangxi Air/Qingdao Airlines/Shenzhen Airlines Nanchang
67%
9 Air/Beijing Capital Airlines/China Southern Airlines/Fuzhou Airlines/Hainan Airlines/Hebei Airlines/Juneyao Airlines/Qingdao Airlines/Shenzhen Airlines/Tianjin Airlines Nanjing
67%
9 Air/Hainan Airlines/Shandong Airlines/Spring Airlines Ningbo
67%
Hainan Airlines Osaka (Kansai)
67%
Air Cambodia/Cambodia Airways Phnom Penh
67%
Air Guilin/Beijing Capital Airlines/Chengdu Airlines/China Southern Airlines/Hainan Airlines/Jiangxi Air/Qingdao Airlines/Shenzhen Airlines Shenyang
67%
China Airlines Taipei (Taoyuan)
67%
China Southern Airlines/GX Airlines/Hainan Airlines/Urumqi Air Ürümqi
67%
SCAT Airlines Almaty
50%
Hainan Airlines Auckland
50%
Tianjin Airlines Changde
50%
Shenzhen Airlines Changzhou
50%
9 Air/Beijing Capital Airlines/China Southern Airlines/Donghai Airlines/Fuzhou Airlines/GX Airlines/Hainan Airlines/LJ Air/Loong Air/Lucky Air/Shenzhen Airlines/Sichuan Airlines/XiamenAir Harbin
50%
Air China/Beijing Capital Airlines/China Express Airlines/Hainan Airlines Hohhot
50%
Loong Air/Lucky Air Jakarta (Soekarno-Hatta)
50%
Hainan Airlines London (Heathrow)
50%
Hainan Airlines Melbourne
50%
Hainan Airlines Moscow (Sheremetyevo)
50%
Beijing Capital Airlines/Hebei Airlines/Tianjin Airlines Shijiazhuang
50%
Hainan Airlines/Scoot Singapore
50%
Hainan Airlines Sydney
50%
Beijing Capital Airlines/China Eastern Airlines/Hainan Airlines Taiyuan
50%
Shandong Airlines Taizhou
50%
Chengdu Airlines/China Southern Airlines/China United Airlines/Hainan Airlines/Sichuan Airlines Wenzhou
50%
Donghai Airlines/Shenzhen Airlines Wuxi
50%
Air Guilin/Loong Air Xuzhou
50%
Shandong Airlines Yiwu
50%
Tianjin Airlines Yulin (Guangxi)
50%
GX Airlines Yulin (Shaanxi)
50%
Beijing Capital Airlines/China Southern Airlines/Donghai Airlines/GX Airlines/Hainan Airlines/Shandong Airlines/Tianjin Airlines Zhuhai
50%
Hainan Airlines Anqing
33%
Beijing Capital Airlines Chenzhou
33%
Hainan Airlines Dubai (International)
33%
Tianjin Airlines Hechi
33%
Beijing Capital Airlines/GX Airlines/Hainan Airlines/West Air Hefei
33%
Hainan Airlines Hengyang
33%
Hainan Airlines/Juneyao Air/Tianjin Airlines Huizhou
33%
Air Guilin/Beijing Capital Airlines/China Southern Airlines/Hainan Airlines/Qingdao Airlines/Spring Airlines/Tianjin Airlines Jieyang
33%
GX Airlines Jining
33%
Hainan Airlines Jiujiang
33%
Chengdu Airlines/GX Airlines Lianyungang
33%
China Southern Airlines/Urumqi Air Mianyang
33%
Donghai Airlines Nantong
33%
LJ Air Ordos
33%
XiamenAir Quanzhou
33%
9 Air/Air China/Hainan Airlines Vientiane
33%
Beijing Capital Airlines/Hainan Airlines/Tianjin Airlines Xining
33%
Chengdu Airlines/Okay Airways Yancheng
33%
Okay Airways/Tianjin Airlines Yangzhou
33%
Beijing Capital Airlines/Shandong Airlines Yantai
33%
Beijing Capital Airlines/China Southern Airlines/Hainan Airlines/Okay Airways Yinchuan
33%
GX Airlines Zhangjiajie
33%
Beijing Capital Airlines Zhangjiakou
33%
Hainan Airlines/Tianjin Airlines Zhanjiang
33%
Tianjin Airlines Zunyi (Maotai)
33%
Tianjin Airlines Zunyi (Xinzhou)
33%
Hainan Airlines Ankang
17%
China Express Airlines Changzhi
17%
Beijing Capital Airlines Chifeng
17%
Air Guilin/Tianjin Airlines Datong
17%
Beijing Capital Airlines/Colorful Guizhou Airlines Dazhou
17%
Beijing Capital Airlines Enshi
17%
GX Airlines Ezhou
17%
GX Airlines Fuyang
17%
Beijing Capital Airlines Guangyuan
17%
GX Airlines Handan
17%
GX Airlines Huai'an
17%
Shanghai Airlines Jinggangshan
17%
Hainan Airlines Jingzhou
17%
LJ Air Linfen
17%
Beijing Capital Airlines Linyi
17%
GX Airlines Luoyang
17%
GX Airlines Luzhou
17%
GX Airlines Nanyang
17%
China Express Airlines/Shandong Airlines Quzhou
17%
Hainan Airlines Sansha (Yongxing)
17%
GX Airlines Shangrao
17%
Hainan Airlines Shaoyang
17%
Beijing Capital Airlines Shiyan
17%
Air Guilin Tangshan
17%
Air Guilin Tongren
17%
GX Airlines Wanzhou
17%
Loong Air Xiangyang
17%
Sichuan Airlines Xichang
17%
Fuzhou Airlines Xingtai
17%
GX Airlines Xinyang
17%
Colorful Guizhou Airlines Yibin
17%
Beijing Capital Airlines/Donghai Airlines/GX Airlines/Hainan Airlines Yichang
17%
Air Chang'an/China Express Airlines Yongzhou
17%
Beijing Capital Airlines Yueyang
17%
Shenzhen Airlines Yuncheng
17%
Air Chang'an Bazhong
0%
GX Airlines Bijie
0%
Beijing Capital Airlines Heze
0%
Tianjin Airlines Huaihua
0%
Hainan Airlines Jeddah
0%
Air Guilin/Qingdao Airlines Longnan
0%
9 Air Luang Prabang
0%
Tianjin Airlines Meizhou
0%
GX Airlines Nanchong
0%
Hainan Airlines Qianjiang
0%
GX Airlines Qingyang
0%
Beijing Capital Airlines Shaoguan
0%
Qingdao Airlines Weifang
0%
West Air Xiangxi
0%
Okay Airways Xingyi
0%
No matching quizzes found
Score Distribution
Percent of People with Each Score
Percentile by Number Answered
Your Score History
You have not taken this quiz since the last reset